| 000 | 00326nam a2200133Ia 4500 | ||
|---|---|---|---|
| 005 | 20260328104339.0 | ||
| 008 | 260328s9999||||xx |||||||||||||| ||und|| | ||
| 100 | _aKoike, Shinji | ||
| 245 | 0 |
_aContemporary Architecture of Japan / _cShinji Koike |
|
| 260 | _bShokokusha | ||
| 300 | _a120 p. | ||
| 650 | _aJAPÓN | ||
| 942 | _cBK | ||
| 999 |
_c12037 _d12037 |
||